<?xml version="1.0" encoding="UTF-8"?><?xml-stylesheet type="text/xsl" href="static/style.xsl"?><OAI-PMH xmlns="http://www.openarchives.org/OAI/2.0/" xmlns:xsi="http://www.w3.org/2001/XMLSchema-instance" xsi:schemaLocation="http://www.openarchives.org/OAI/2.0/ http://www.openarchives.org/OAI/2.0/OAI-PMH.xsd"><responseDate>2026-04-17T15:04:29Z</responseDate><request verb="GetRecord" identifier="oai:www.recercat.cat:10256/21318" metadataPrefix="marc">https://recercat.cat/oai/request</request><GetRecord><record><header><identifier>oai:recercat.cat:10256/21318</identifier><datestamp>2024-05-22T11:30:11Z</datestamp><setSpec>com_2072_452966</setSpec><setSpec>com_2072_2054</setSpec><setSpec>col_2072_452968</setSpec></header><metadata><record xmlns="http://www.loc.gov/MARC21/slim" xmlns:dcterms="http://purl.org/dc/terms/" xmlns:xsi="http://www.w3.org/2001/XMLSchema-instance" xmlns:doc="http://www.lyncode.com/xoai" xsi:schemaLocation="http://www.loc.gov/MARC21/slim http://www.loc.gov/standards/marcxml/schema/MARC21slim.xsd">
   <leader>00925njm 22002777a 4500</leader>
   <datafield ind2=" " ind1=" " tag="042">
      <subfield code="a">dc</subfield>
   </datafield>
   <datafield ind2=" " ind1=" " tag="720">
      <subfield code="a">Hssaini, Najat</subfield>
      <subfield code="e">author</subfield>
   </datafield>
   <datafield ind2=" " ind1=" " tag="260">
      <subfield code="c">2022-06</subfield>
   </datafield>
   <datafield ind2=" " ind1=" " tag="520">
      <subfield code="a">El presente trabajo intenta estudiar en profundidad a una de las protagonistas de las obras de teatro de Federico García Lorca, en particular Yerma, de la obra homónima del autor. Se procura, de este modo, entender su conflicto, su voluntad, su feminidad, y cualquier elemento constitutivo que la represente. &#xd;
El estudio trata, además, de trazar más aspectos de su personalidad mediante el análisis de sus relaciones interpersonales.&#xd;
Los objetivos del estudio, pues, son varios. Por un lado, se quiere entender el mecanismo de la feminidad en Yerma, es decir, cómo este aspecto condiciona de forma implacable la construcción del personaje. Asimismo, nos resulta esencial detallar la íntima relación entre la naturaleza y la protagonista que se produce en la obra. Además, se quieren estudiar las problemáticas vitales que relacionamos esencialmente con su feminidad (a saber: maternidad, frustración, sexualidad y honra). &#xd;
Por otro lado, también se intenta entender sus relaciones interpersonales y cómo estas nos acotan y hacen evolucionar la identidad de género de la protagonista</subfield>
   </datafield>
   <datafield ind1="8" ind2=" " tag="024">
      <subfield code="a">http://hdl.handle.net/10256/21318</subfield>
   </datafield>
   <datafield tag="653" ind2=" " ind1=" ">
      <subfield code="a">Teatre espanyol</subfield>
   </datafield>
   <datafield tag="653" ind2=" " ind1=" ">
      <subfield code="a">Spanish drama</subfield>
   </datafield>
   <datafield tag="653" ind2=" " ind1=" ">
      <subfield code="a">García Lorca, Federico</subfield>
   </datafield>
   <datafield tag="653" ind2=" " ind1=" ">
      <subfield code="a">Yerma</subfield>
   </datafield>
   <datafield tag="653" ind2=" " ind1=" ">
      <subfield code="a">Personatges literaris</subfield>
   </datafield>
   <datafield tag="653" ind2=" " ind1=" ">
      <subfield code="a">Characters and characteristics in literature</subfield>
   </datafield>
   <datafield ind2="0" ind1="0" tag="245">
      <subfield code="a">Yerma, de Federico García Lorca: análisi de a protagonista</subfield>
   </datafield>
</record></metadata></record></GetRecord></OAI-PMH>